• 首页
  • 本馆介绍
  • 公告通知
  • 最新文献
  • 馆藏检索
  • 电子资源
  • 读者导购
  • 参考咨询
  • 我的图书馆
  • 登录
  • 详细信息显示
  • 放入我的书架
  • 预约/预借图书
  • 作者相关作品
  • 分类相关作品
  • 丛书相关作品
  • 出版社相关作品

书目信息

  • 表格格式
  • 工作单格式
  • 卡片格式
题名:
股票 期货 期权在企业财务管理中的应用
    
 
作者: 熊华强 编著
分册:  
出版信息: 昆明   云南大学出版社  2011
页数: 223页
开本: 24cm
丛书名: 纳税人俱乐部丛书
单 册:
中图分类: F275 , F830.91
科图分类:
主题词: 证券交易--应用--企业管理--财务管理 , 证券交易 , 企业管理 , 财务管理
电子资源:
ISBN: 978-7-5482-0408-4
000 01177nam0 22003131 450
001 519
005 20140909092228.53
010    @a978-7-5482-0408-4@dCNY21.00
100    @a20110921d2011 em y0chiy50 ea
101 0  @achi
102    @aCN@b530000
105    @ay z 000yy
106    @ar
200 1  @a股票 期货 期权在企业财务管理中的应用@AGu Piao Qi Huo Qi Quan Zai Qi Ye Cai Wu Guan Li Zhong De Ying Yong@dThe stocks, futures, options used in the financial management of enterprise@f熊华强编著@FXiong Hua Qiang Bian Zhu@zeng
210    @a昆明@c云南大学出版社@d2011
215    @a223页@d24cm
225 2  @a纳税人俱乐部丛书
330    @a本书详细介绍财务管理人员在公司经验管理中如何利用股票、期货、期权,以及针对这些金融工具如何进行财务处理。
461  0 @12001 @a纳税人俱乐部丛书
510 1  @aStocks, futures, options used in the financial management of enterprise@zeng
606 0  @a证券交易@x应用@x企业管理@x财务管理
606 0  @a证券交易
606 0  @a企业管理
606 0  @a财务管理
690    @aF275@v5
690    @aF830.91@v5
701  0 @a熊华强@AXiong Hua Qiang@f(1966~)@4编著
801  0 @aCN@bTANGWEI@c20140603
905    @b0836706-08@dF275@e1076@f3
    
    股票 期货 期权在企业财务管理中的应用=The stocks, futures, options used in the financial management of enterprise/熊华强编著.-昆明:云南大学出版社,2011
    223页;24cm.-(纳税人俱乐部丛书)
    
    
    ISBN 978-7-5482-0408-4:CNY21.00
    本书详细介绍财务管理人员在公司经验管理中如何利用股票、期货、期权,以及针对这些金融工具如何进行财务处理。
●
相关链接 在E读中查询图书 在五车中查询图书 在当当中查询图书 在豆瓣中查询图书


正题名:股票 期货 期权在企业财务管理中的应用     索取号:F275/1076         预约/预借

序号 登录号 条形码 馆藏地/架位号 状态 备注
1 0836706   208367060   第一样本阅览室/ [索取号:F275/1076] 在馆    
2 0836707   208367079   第一借阅区/ [索取号:F275/1076] 在馆    
3 0836708   208367088   密集书库-海洋学院/ [索取号:F275/1076] 在馆    
唐山师范学院图书馆 欢迎您!
大连网信软件有限公司© 版权所有